| 000 | 00409nam a2200169 a 4500 | ||
|---|---|---|---|
| 005 | 20140310183348.0 | ||
| 008 | 070503s19uu xx 00 eng d | ||
| 020 | _a0-449-22239-x | ||
| 050 |
_aPZ 4 _b.F817Ri 1994 |
||
| 100 | _aFrancis, Dick | ||
| 245 | _aRisk / | ||
| 260 |
_aNew York : _bFawcett Crest, _c1994. |
||
| 300 |
_a271 p. : _c18 cm. |
||
| 650 | _aFiction. | ||
| 942 |
_cBK _2lcc |
||
| 999 |
_c22003 _d22003 |
||